| 000 | 00465nam a2200193Ia 4500 | ||
|---|---|---|---|
| 005 | 20240823035107.0 | ||
| 008 | 240823s9999||||xx |||||||||||||| ||und|| | ||
| 020 | _a978-0-00-725569-6 | ||
| 041 | _aENGLISH | ||
| 082 | _A823.914 P7 | ||
| 100 | _aThe Saga of Darren Shan | ||
| 245 | 0 | _aDarren Shan Hunters of the Dusk | |
| 250 | _a1st | ||
| 260 |
_c2007 _bHarper Collins Publi |
||
| 500 | _aYES | ||
| 650 |
_aNovel _bEnglish |
||
| 942 | _cBK | ||
| 999 |
_c199858 _d199858 |
||